NFL Top 100 (2019) - Statistics

General Stats
  • This quiz has been taken 65 times
  • The average score is 55 of 100
Answer Stats
Ranking Player % Correct
6 (Patriots) (QB) Tom Brady
96%
4 (Chiefs) (QB) Patrick Mahomes
93%
1 (Rams) (DT) Aaron Donald
86%
8 (Packers) (QB) Aaron Rodgers
86%
7 (Steelers) (WR) Antonio Brown
86%
2 (Saints) (QB) Drew Brees
86%
72 (Eagles) (C) Jason Kelce
86%
12 (Texans) (DE) J.J. Watt
86%
93 (Steelers) (LB) T.J. Watt
86%
21 (Chiefs) (TE) Travis Kelce
86%
97 (Cowboys) (CB) Byron Jones
82%
36 (Chiefs) (DT) Chris Jones
82%
11 (Texans) (WR) DeAndre Hopkins
82%
29 (49ers) (TE) George Kittle
82%
9 (Falcons) (WR) Julio Jones
82%
25 (Seahawks) (QB) Russell Wilson
82%
19 (Chiefs) (WR) Tyreek Hill
82%
32 (Rams) (QB) Jared Goff
79%
16 (Giants) (RB) Saquon Barkley
79%
14 (Saints) (RB) Alvin Kamara
75%
18 (Cowboys) (RB) Ezekiel Elliott
75%
83 (Vikings) (S) Harrison Smith
75%
27 (Jaguars) (CB) Jalen Ramsey
75%
61 (Cowboys) (LB) Jaylon Smith
75%
47 (Steelers) (WR) JuJu Smith-Schuster
75%
38 (Chargers) (WR) Keenan Allen
75%
13 (Saints) (WR) Michael Thomas
75%
17 (Chargers) (QB) Philip Rivers
75%
52 (Cowboys) (OT) Tyron Smith
75%
87 (Panthers) (QB) Cam Newton
71%
99 (Titans) (RB) Derrick Henry
71%
3 (Bears) (LB) Khalil Mack
71%
20 (Colts) (QB) Andrew Luck
68%
44 (Steelers) (QB) Ben Roethlisberger
68%
15 (Seahawks) (LB) Bobby Wagner
68%
78 (Vikings) (QB) Kirk Cousins
68%
53 (Buccaneers) (WR) Mike Evans
68%
5 (Rams) (RB) Todd Gurley
68%
81 (Redskins) (OT) Trent Williams
68%
10 (Broncos) (LB) Von Miller
68%
42 (Panthers) (RB) Christian McCaffrey
64%
31 (Chargers) (S) Derwin James
64%
51 (Texans) (QB) Deshaun Watson
64%
69 (Falcons) (QB) Matt Ryan
64%
22 (Patriots) (CB) Stephon Gilmore
64%
59 (Cowboys) (OG) Zack Martin
64%
33 (Vikings) (WR) Adam Thielen
61%
35 (Packers) (WR) Davante Adams
61%
37 (Jets) (S) Jamal Adams
61%
56 (Chargers) (DE) Joey Bosa
61%
23 (Browns) (WR) Odell Beckham Jr.
61%
58 (Bengals) (WR) A.J. Green
57%
50 (Browns) (QB) Baker Mayfield
57%
96 (Eagles) (QB) Carson Wentz
57%
30 (Bears) (S) Eddie Jackson
57%
49 (Browns) (DE) Myles Garrett
57%
90 (Patriots) (WR) Julian Edelman
54%
24 (Panthers) (LB) Luke Kuechly
54%
73 (Vikings) (WR) Stefon Diggs
54%
60 (Cardinals) (WR) Larry Fitzgerald
50%
55 (Dolphins) (CB) Xavien Howard
50%
40 (Eagles) (TE) Zach Ertz
50%
64 (Cowboys) (WR) Amari Cooper
46%
41 (Saints) (DE) Cameron Jordan
46%
45 (Cowboys) (DE) DeMarcus Lawrence
46%
46 (Cardinals) (CB) Patrick Peterson
46%
88 (Steelers) (DT) Cameron Heyward
43%
28 (Eagles) (DT) Fletcher Cox
43%
80 (Saints) (RB) Mark Ingram
43%
34 (Chargers) (RB) Melvin Gordon
43%
76 (Rams) (WR) Robert Woods
43%
98 (Seahawks) (WR) Tyler Lockett
43%
57 (Vikings) (DE) Danielle Hunter
39%
86 (Lions) (CB) Darius Slay
39%
43 (Packers) (OT) David Bakhtiari
39%
91 (Rams) (OT) Andrew Whitworth
36%
26 (Colts) (LB) Darius Leonard
36%
84 (Browns) (WR) Jarvis Landry
36%
48 (Chargers) (DE) Melvin Ingram
36%
70 (Colts) (WR) T.Y. Hilton
36%
62 (Steelers) (RB) James Conner
32%
54 (Jaguars) (DE) Calais Campbell
29%
68 (Broncos) (RB) Phillip Lindsay
29%
82 (Broncos) (LB) Bradley Chubb
25%
63 (Texans) (DE) Jadeveon Clowney
25%
65 (Buccaneers) (DE) Jason Pierre-Paul
25%
66 (Colts) (TE) Eric Ebron
21%
39 (Bears) (DT) Akiem Hicks
18%
67 (Chiefs) (LB) Dee Ford
14%
89 (Patriots) (CB) Devin McCourty
14%
100 (Ravens) (S) Eric Weddle
14%
79 (Bengals) (DT) Geno Atkins
14%
75 (Buccaneers) (DT) Gerald McCoy
14%
92 (Titans) (DT) Jurrell Casey
14%
95 (Bears) (CB) Kyle Fuller
14%
74 (Cowboys) (LB) Leighton Vander Esch
14%
71 (Ravens) (LB) C.J. Mosley
11%
85 (Seahawks) (DE) Frank Clark
11%
94 (Chiefs) (OT) Mitchell Schwartz
11%
77 (Titans) (OT) Taylor Lewan
11%
No matching quizzes found
Score Distribution
Percent of People with Each Score
Percentile by Number Answered
Your Score History
You have not taken this quiz